| 000 | 01356nam a22002657a 4500 | ||
|---|---|---|---|
| 999 |
_c58162 _d58162 |
||
| 003 | Ge_BSU | ||
| 005 | 20230920102655.0 | ||
| 008 | 210714s2019 ge ||||| |||| 00| 0 geo d | ||
| 020 | _a9789941283963 | ||
| 041 | _ageo | ||
| 080 | _a517.987(075.8) კ-54 | ||
| 100 |
_aკირთაძე, ალექსი _913192 |
||
| 245 |
_aლებეგის ზომა : _b[სახელმძღვანელო] / _cალექსი კირთაძე ; რედაქტორი ლ. კვინიკაძე ; საქართველოს ტექნიკური უნივერსიტეტი. |
||
| 264 |
_aთბილისი : _bტექნიკური უნივერსიტეტი, _c2019. |
||
| 300 |
_a354 გვ. ; _b20 სმ. |
||
| 501 | _aსაგნობრივი საძიებელი: გვ. 346-348. | ||
| 504 | _aბიბლიოგრ.: გვ.349-351. | ||
| 653 | _aმათემატიკა | ||
| 653 | _aლებეგის ზომა | ||
| 653 | _aსახელმძღვანელო | ||
| 700 |
_aკვინიკაძე, ლ. _eრედაქტორი _99831 |
||
| 710 |
_aსაქართველოს ტექნიკური უნივერსიტეტი _912253 |
||
| 773 | _tნაჩუქარი | ||
| 942 |
_2udc _cBK |
||